| 000 | 01063cam a2200289 a 4500 | ||
|---|---|---|---|
| 001 | 3544840 | ||
| 003 | OSt | ||
| 005 | 20150120134947.0 | ||
| 008 | 971103s1998 nyua b 001 0 eng | ||
| 010 | _a 97039336 | ||
| 020 | _a0387983821 (hardcover : alk. paper) | ||
| 040 |
_aDLC _cDLC _dDLC |
||
| 050 | 0 | 0 |
_aQA1 _b.A647 vol. 112 1998 _aQA380 |
| 082 | 0 | 0 |
_a510 s _a515.352 _221 _bKUZ 1998 |
| 100 | 1 |
_aKuznetsov, Yuri A. _92522 |
|
| 245 | 1 | 0 |
_aElements of applied bifurcation theory / _cYuri A. Kuznetsov. |
| 250 | _a2nd ed. | ||
| 260 |
_aNew York : _bSpringer, _c1998. |
||
| 300 |
_axix, 591 p. : _bill. ; _c24 cm. |
||
| 490 | 1 |
_aApplied mathematical sciences ; _v112 |
|
| 504 | _aIncludes bibliographical references and index. | ||
| 650 | 0 |
_aBifurcation theory. _92523 |
|
| 830 | 0 |
_aApplied mathematical sciences (Springer-Verlag New York Inc.) ; _vv. 112. _92524 |
|
| 906 |
_a7 _bcbc _corignew _d1 _eocip _f19 _gy-gencatlg |
||
| 942 |
_2ddc _cSLOAN |
||
| 999 |
_c938 _d938 |
||